[Event "Titled Tuesday intern op 09th Jan Early"]
[Site "Chess.com INT"]
[Date "2024.01.09"]
[Round "4"]
[White "Aadit, Bhatia"]
[Black "Tasev, Dejan"]
[Result "1-0"]
[WhiteElo "2169"]
[BlackElo "2188"]
[PlyCount "99"]
[EventDate "2024.01.09"]
[EventType "swiss (blitz)"]
[EventRounds "11"]
[EventCountry "USA"]
[SourceTitle "CB03_2024"]
[SourceDate "2024.01.17"]
[SourceVersion "1"]
[SourceVersionDate "2024.01.17"]
[SourceQuality "1"]

1. e4 c5 2. Nf3 Nc6 3. d4 cxd4 4. Nxd4 g6 5. c4 Bg7 6. Be3 d6 7. Nc3 Nf6 8. f3 0-0 9. Be2 Bd7 10. 0-0 a6 11. Rc1 Rc8 12. b3 Nxd4 13. Bxd4 Bc6 14. Qd2 Nd7 15. Be3 f5 16. exf5 Rxf5 17. Bd3 Rf7 18. Be4 Nf6 19. Bb1 Qa5 20. Rfe1 Qh5 21. Bd4 Bh6 22. Be3 Bg7 23. Bd4 e5 24. Be3 Rd8 25. Rcd1 b5 26. cxb5 axb5 27. Ne4 Nxe4 28. Bxe4 d5 29. Qa5 Rdd7 30. Bxd5 Bxd5 31. Rxd5 Rxd5 32. Qa8+ Bf8 33. Qxd5 b4 34. Bc5 Bxc5+ 35. Qxc5 Qh4 36. Rxe5 h5 37. Re8+ Kh7 38. Qe5 Rg7 39. g3 Qh3 40. Rd8 h4 41. Qe8 Kh6 42. Qh8+ Rh7 43. Qf8+ Rg7 44. Qf4+ Kh7 45. g4 Re7 46. Rd1 Kg7 47. Qd4+ Kh7 48. Qf6 Rg7 49. Rd8 g5 50. Rf8 1-0

[Event "Titled Tuesday intern op 09th Jan Early"]
[Site "Chess.com INT"]
[Date "2024.01.09"]
[Round "6"]
[White "Perossa, Nicolas"]
[Black "Tasev, Dejan"]
[Result "1-0"]
[WhiteElo "2277"]
[BlackElo "2188"]
[PlyCount "93"]
[EventDate "2024.01.09"]
[EventType "swiss (blitz)"]
[EventRounds "11"]
[EventCountry "USA"]
[SourceTitle "CB03_2024"]
[SourceDate "2024.01.17"]
[SourceVersion "1"]
[SourceVersionDate "2024.01.17"]
[SourceQuality "1"]

1. d4 Nf6 2. Nf3 e6 3. g3 d5 4. Bg2 Be7 5. 0-0 0-0 6. c4 dxc4 7. Qc2 a6 8. a4 Nc6 9. Qxc4 Nb4 10. Bf4 c6 11. Nc3 a5 12. e4 b6 13. Rfd1 Ba6 14. Qb3 Rc8 15. Ne5 Bd6 16. Be3 Qc7 17. Bg5 Be7 18. Bf4 Qa7 19. Rac1 Rfd8 20. Na2 Nxa2 21. Qxa2 Bb7 22. Qb3 c5 23. Bh3 Bxe4 24. Bxe6 Bd5 25. Bxf7+ Kh8 26. Bxd5 Rxd5 27. dxc5 Rxe5 28. Bxe5 Bxc5 29. Bxf6 gxf6 30. Qf3 Qf7 31. Kg2 Re8 32. Re1 Rd8 33. Rcd1 Rf8 34. Re4 Qa2 35. Rd2 Qf7 36. Rde2 h6 37. Qf5 Rg8 38. Rg4 Rxg4 39. Qxg4 f5 40. Qf4 Kg7 41. Qe5+ Kg6 42. Qe6+ Qxe6 43. Rxe6+ Kg7 44. f4 Bd4 45. Rc6 Bc5 46. b3 h5 47. h3 1-0

[Event "Titled Tuesday intern op 09th Jan Early"]
[Site "Chess.com INT"]
[Date "2024.01.09"]
[Round "3"]
[White "Tasev, Dejan"]
[Black "Kashtanov, Ruslan"]
[Result "0-1"]
[WhiteElo "2188"]
[BlackElo "2357"]
[PlyCount "102"]
[EventDate "2024.01.09"]
[EventType "swiss (blitz)"]
[EventRounds "11"]
[EventCountry "USA"]
[SourceTitle "CB03_2024"]
[SourceDate "2024.01.17"]
[SourceVersion "1"]
[SourceVersionDate "2024.01.17"]
[SourceQuality "1"]

1. e4 c5 2. Nf3 a6 3. Nc3 e6 4. g3 b5 5. Bg2 Bb7 6. d3 d6 7. 0-0 g6 8. a4 b4 9. Nb1 Bg7 10. Nbd2 Ne7 11. Nc4 0-0 12. Rb1 Nbc6 13. b3 h6 14. Bb2 e5 15. Ne3 f5 16. Nd2 f4 17. Nec4 g5 18. f3 Ng6 19. g4 h5 20. h3 Kf7 21. c3 bxc3 22. Bxc3 a5 23. Qe2 Bf6 24. Na3 Rh8 25. Nb5 Nh4 26. Nc4 Be7 27. Be1 hxg4 28. fxg4 Ba6 29. Bc3 Rh6 30. Rf3 Rb8 31. Nca3 Nxf3+ 32. Qxf3 Nd4 33. Bxd4 cxd4 34. Rc1 Rb7 35. Rc6 Rb6 36. Rc4 Bc8 37. Qd1 Be6 38. Rc7 Kf6 39. Ra7 Qh8 40. Nc4 Bxc4 41. bxc4 Rxh3 42. Nc7 Kf7 43. Nd5 Rb2 44. Rxe7+ Kf8 45. Re8+ Kxe8 46. Nf6+ Kf7 47. Nh5 Rg3 48. Nxg3 fxg3 49. Qf3+ Qf6 50. Qxg3 Rb1+ 51. Kh2 Qf4 0-1

[Event "Titled Tuesday intern op 09th Jan Early"]
[Site "Chess.com INT"]
[Date "2024.01.09"]
[Round "8"]
[White "Travkina, Anastasia"]
[Black "Tasev, Dejan"]
[Result "1-0"]
[WhiteElo "2202"]
[BlackElo "2188"]
[PlyCount "37"]
[EventDate "2024.01.09"]
[EventType "swiss (blitz)"]
[EventRounds "11"]
[EventCountry "USA"]
[SourceTitle "CB03_2024"]
[SourceDate "2024.01.17"]
[SourceVersion "1"]
[SourceVersionDate "2024.01.17"]
[SourceQuality "1"]

1. e4 c6 2. d4 d5 3. Nc3 dxe4 4. Nxe4 Bf5 5. Ng3 Bg6 6. h4 h6 7. N1e2 Nf6 8. Nf4 Bh7 9. Bc4 Nbd7 10. Nfh5 e5 11. 0-0 Be7 12. Nxg7+ Kf8 13. N3f5 Bxf5 14. Nxf5 exd4 15. Bxh6+ Kg8 16. Qf3 Kh7 17. Bd3 Ne5 18. Nxe7+ Nxd3 19. Qxf6 1-0

[Event "Titled Tuesday intern op 12th Dec Early"]
[Site "Chess.com INT"]
[Date "2023.12.12"]
[Round "8"]
[White "Hrebenshchykova, Yelyzaveta"]
[Black "Tasev, Dejan"]
[Result "1-0"]
[WhiteElo "2279"]
[BlackElo "2188"]
[PlyCount "73"]
[EventDate "2023.12.12"]
[EventType "swiss (blitz)"]
[EventRounds "11"]
[EventCountry "USA"]
[SourceTitle "CB51_2023"]
[SourceDate "2023.12.20"]
[SourceVersion "1"]
[SourceVersionDate "2023.12.20"]
[SourceQuality "1"]

1. e4 e5 2. Nf3 Nc6 3. Bb5 a6 4. Ba4 Nf6 5. 0-0 b5 6. Bb3 Be7 7. d4 d6 8. c3 0-0 9. h3 exd4 10. cxd4 Na5 11. Bc2 c5 12. e5 dxe5 13. dxe5 Nd5 14. Qe2 Bb7 15. Rd1 g6 16. Bh6 Re8 17. Be4 Qd7 18. Qc2 Qe6 19. a3 Nc4 20. Nc3 Rad8 21. Nxd5 Bxd5 22. Bxd5 Rxd5 23. Re1 Nxe5 24. Ng5 Qd7 25. Re3 Bf6 26. Rae1 Re7 27. Ne4 Bg7 28. Bg5 Re8 29. Nxc5 Qc6 30. b4 f6 31. Bf4 Red8 32. Bxe5 Rxe5 33. Rxe5 fxe5 34. Qb3+ Qd5 35. Rd1 Qxb3 36. Rxd8+ Kf7 37. Nxb3 1-0

[Event "Titled Tuesday intern op 12th Dec Early"]
[Site "Chess.com INT"]
[Date "2023.12.12"]
[Round "5"]
[White "Tasev, Dejan"]
[Black "Chlpik, Martin"]
[Result "0-1"]
[WhiteElo "2188"]
[BlackElo "2283"]
[PlyCount "68"]
[EventDate "2023.12.12"]
[EventType "swiss (blitz)"]
[EventRounds "11"]
[EventCountry "USA"]
[SourceTitle "CB51_2023"]
[SourceDate "2023.12.20"]
[SourceVersion "1"]
[SourceVersionDate "2023.12.20"]
[SourceQuality "1"]

1. e4 c5 2. Nf3 d6 3. Nc3 Nf6 4. d4 cxd4 5. Nxd4 a6 6. Bc4 e6 7. Bb3 Nbd7 8. f3 Nc5 9. Be3 Be7 10. Qd2 Qc7 11. 0-0-0 0-0 12. g4 b5 13. a3 Bd7 14. h4 a5 15. h5 b4 16. g5 bxc3 17. Qxc3 Nxb3+ 18. Qxb3 Rfb8 19. Qa2 Ne8 20. g6 Rc8 21. c3 Rab8 22. h6 hxg6 23. hxg7 Nxg7 24. Rh2 d5 25. Rdh1 Nh5 26. exd5 Qe5 27. Re2 Ng3 28. Rhe1 Nxe2+ 29. Rxe2 Bg5 30. Bxg5 Qxg5+ 31. Kc2 e5 32. Nc6 Bf5+ 33. Kd1 Rxc6 34. dxc6 Rd8+ 0-1

[Event "Titled Tuesday intern op 12th Dec Early"]
[Site "Chess.com INT"]
[Date "2023.12.12"]
[Round "7"]
[White "Tasev, Dejan"]
[Black "Rosenberg, Evan"]
[Result "1-0"]
[WhiteElo "2188"]
[BlackElo "1926"]
[PlyCount "111"]
[EventDate "2023.12.12"]
[EventType "swiss (blitz)"]
[EventRounds "11"]
[EventCountry "USA"]
[SourceTitle "CB51_2023"]
[SourceDate "2023.12.20"]
[SourceVersion "1"]
[SourceVersionDate "2023.12.20"]
[SourceQuality "1"]

1. e4 e5 2. Nf3 Nc6 3. Bb5 Nf6 4. d3 Ne7 5. Nc3 c6 6. Bc4 d6 7. h3 h6 8. Bb3 Ng6 9. Be3 Be7 10. Qd2 a5 11. a4 Nh5 12. g3 Nf6 13. d4 Qc7 14. 0-0-0 Nh7 15. Qe2 Ng5 16. Nxg5 Bxg5 17. h4 Bxe3+ 18. Qxe3 0-0 19. h5 Ne7 20. dxe5 dxe5 21. f3 Be6 22. g4 Bxb3 23. cxb3 b5 24. g5 Kh7 25. Rhg1 b4 26. Nb1 Rad8 27. Nd2 Ng8 28. Nc4 Rxd1+ 29. Rxd1 Rd8 30. Rg1 c5 31. gxh6 gxh6 32. Qf2 Nf6 33. Qh4 Rg8 34. Rxg8 Nxg8 35. Qg4 Nf6 36. Qf5+ Kg7 37. f4 Qc6 38. fxe5 Nxe4 39. Kb1 Qd5 40. Ka2 Qd3 41. Qg4+ Kh7 42. Qf4 Kg7 43. e6 fxe6 44. Qc7+ Kf6 45. Qf4+ Ke7 46. Qc7+ Kf6 47. Qe5+ Ke7 48. Qg7+ Ke8 49. Qg6+ Ke7 50. Qg7+ Ke8 51. Qh8+ Ke7 52. Qxh6 Qe2 53. Qg7+ Kd8 54. Qf8+ Kd7 55. Ne5+ Kc7 56. Qe7+ 1-0

[Event "Titled Tuesday intern op 14th Nov Early"]
[Site "Chess.com INT"]
[Date "2023.11.14"]
[Round "10"]
[White "Tasev, Dejan"]
[Black "Aradhya, Garg"]
[Result "1/2-1/2"]
[WhiteElo "2188"]
[BlackElo "2384"]
[PlyCount "114"]
[EventDate "2023.11.14"]
[EventType "swiss (blitz)"]
[EventRounds "11"]
[EventCountry "USA"]
[SourceTitle "CB47_2023"]
[SourceDate "2023.11.22"]
[SourceVersion "1"]
[SourceVersionDate "2023.11.22"]
[SourceQuality "1"]

1. e4 e5 2. Nf3 Nc6 3. Bc4 Nf6 4. d3 h6 5. Nc3 Bb4 6. Bd2 0-0 7. h3 Bxc3 8. Bxc3 d5 9. exd5 Nxd5 10. Bd2 Nb6 11. Bb3 a5 12. a3 Re8 13. 0-0 a4 14. Ba2 Be6 15. Re1 Bxa2 16. Rxa2 f5 17. Bc3 Qd5 18. Ra1 e4 19. dxe4 fxe4 20. Nh2 Qf5 21. Qg4 Qxg4 22. Nxg4 Nd5 23. Bd2 Nd4 24. Rac1 Ra6 25. Ne3 Nf6 26. Bc3 c5 27. Rcd1 Rd8 28. Rd2 Rad6 29. Red1 Kf7 30. Kf1 Ke6 31. Nc4 Rd5 32. Nb6 R5d6 33. Nc4 Rd5 34. Nb6 R5d6 35. Nxa4 b6 36. b4 Nb5 37. Rxd6+ Rxd6 38. Rxd6+ Kxd6 39. Bxf6 gxf6 40. Nxb6 Nxa3 41. bxc5+ Kxc5 42. Nd7+ Kd4 43. Nxf6 Nxc2 44. Ke2 e3 45. fxe3+ Nxe3 46. Kf3 Nf5 47. Kf4 Ng7 48. Ng4 h5 49. Nf6 Kd3 50. h4 Ke2 51. g4 hxg4 52. Kxg4 Ke3 53. Kg5 Kf3 54. Nd7 Ne6+ 55. Kg6 Kg4 56. h5 Nf4+ 57. Kh6 Nxh5 1/2-1/2

[Event "Titled Tuesday intern op 14th Nov Early"]
[Site "Chess.com INT"]
[Date "2023.11.14"]
[Round "6"]
[White "Tasev, Dejan"]
[Black "De Winter, Arthur"]
[Result "0-1"]
[WhiteElo "2188"]
[BlackElo "2401"]
[PlyCount "82"]
[EventDate "2023.11.14"]
[EventType "swiss (blitz)"]
[EventRounds "11"]
[EventCountry "USA"]
[SourceTitle "CB47_2023"]
[SourceDate "2023.11.22"]
[SourceVersion "1"]
[SourceVersionDate "2023.11.22"]
[SourceQuality "1"]

1. e4 c5 2. Nf3 Nc6 3. Nc3 e5 4. Bc4 g6 5. d3 h6 6. Be3 d6 7. Bb3 Bg7 8. Nd2 Nf6 9. h3 0-0 10. a4 Nd4 11. Ba2 Nh5 12. Bxd4 exd4 13. Nd5 Kh7 14. g4 Nf6 15. Nxf6+ Bxf6 16. Qf3 Be6 17. Bc4 Bg5 18. Bxe6 fxe6 19. Qe2 Bxd2+ 20. Qxd2 Qh4 21. 0-0-0 Rxf2 22. Qa5 Qd8 23. Qb5 Qb6 24. Qc4 Re8 25. Rhf1 Rxf1 26. Rxf1 Kg7 27. h4 Qb4 28. Qxb4 cxb4 29. Kd2 Rf8 30. Rxf8 Kxf8 31. b3 Ke7 32. Ke2 Kf6 33. Kf3 Ke5 34. g5 hxg5 35. hxg5 d5 36. exd5 Kxd5 37. Kf4 e5+ 38. Kf3 b6 39. Kg3 e4 40. Kf4 e3 41. Kf3 Ke5 0-1

[Event "Titled Tuesday intern op 14th Nov Early"]
[Site "Chess.com INT"]
[Date "2023.11.14"]
[Round "5"]
[White "Tasev, Dejan"]
[Black "Osinovsky, Stepan"]
[Result "1-0"]
[WhiteElo "2188"]
[BlackElo "2241"]
[PlyCount "51"]
[EventDate "2023.11.14"]
[EventType "swiss (blitz)"]
[EventRounds "11"]
[EventCountry "USA"]
[SourceTitle "CB47_2023"]
[SourceDate "2023.11.22"]
[SourceVersion "1"]
[SourceVersionDate "2023.11.22"]
[SourceQuality "1"]

1. e4 e5 2. Nf3 Nc6 3. Bc4 Nf6 4. d3 Be7 5. Nc3 0-0 6. h3 h6 7. Be3 Nb4 8. a3 d5 9. exd5 Nbxd5 10. Bd2 Nf4 11. Bxf4 exf4 12. 0-0 c6 13. Re1 Bd6 14. Bb3 Bf5 15. Ne4 Bc7 16. Nxf6+ Qxf6 17. c3 g5 18. Nd4 Bd7 19. Qf3 Kg7 20. Re2 Rae8 21. Rae1 Rxe2 22. Rxe2 Re8 23. Rxe8 Bxe8 24. Qe4 Bd7 25. Bc2 h5 26. Nb3 1-0

[Event "Titled Tuesday intern op 26th Sep Early"]
[Site "Chess.com INT"]
[Date "2023.09.26"]
[Round "1"]
[White "Tasev, Dejan"]
[Black "Fernandez, Gerardo"]
[Result "1-0"]
[WhiteElo "2205"]
[BlackElo "2181"]
[PlyCount "73"]
[EventDate "2023.09.26"]
[EventType "swiss (blitz)"]
[EventRounds "11"]
[EventCountry "USA"]
[SourceTitle "EXT 2024"]
[Source "ChessBase"]
[SourceDate "2023.10.10"]
[SourceVersion "1"]
[SourceVersionDate "2023.10.10"]
[SourceQuality "1"]

1. e4 e6 2. d4 d5 3. Nc3 Nc6 4. Nf3 Nf6 5. exd5 exd5 6. h3 Bb4 7. Bd3 0-0 8. 0-0 Be6 9. Ne2 Qd7 10. c3 Be7 11. Qc2 h6 12. Nf4 Rae8 13. Nxe6 Qxe6 14. Re1 Qd6 15. Ne5 Nd7 16. Nxc6 Qxc6 17. Bd2 Nf6 18. Re2 Bd6 19. Rae1 Rxe2 20. Rxe2 Re8 21. Qd1 Rxe2 22. Qxe2 Qe8 23. Qf3 Ne4 24. Be3 c6 25. g3 Qe6 26. Kg2 f5 27. h4 Qg6 28. Bf4 Qe6 29. Bc1 Qg6 30. c4 Qe6 31. b3 Bb4 32. Be3 Bc3 33. Qf4 Kh7 34. h5 Qf6 35. f3 Nd6 36. c5 Nf7 37. Bxf5+ 1-0

[Event "Titled Tuesday intern op 19th Sep Early"]
[Site "Chess.com INT"]
[Date "2023.09.19"]
[Round "6"]
[White "Tasev, Dejan"]
[Black "Akkarakaran, John Veny"]
[Result "0-1"]
[WhiteElo "2205"]
[BlackElo "2112"]
[PlyCount "68"]
[EventDate "2023.09.19"]
[EventType "swiss (blitz)"]
[EventRounds "11"]
[EventCountry "USA"]
[SourceTitle "EXT 2024"]
[Source "ChessBase"]
[SourceDate "2023.10.10"]
[SourceVersion "1"]
[SourceVersionDate "2023.10.10"]
[SourceQuality "1"]

1. e4 d6 2. d4 Nf6 3. Nc3 g6 4. Nge2 Bg7 5. f3 0-0 6. Be3 Nbd7 7. Qd2 c5 8. h4 cxd4 9. Nxd4 h5 10. Bc4 Ne5 11. Bb3 Bd7 12. g4 Rc8 13. 0-0-0 b5 14. gxh5 Nxh5 15. Bh6 b4 16. Nd5 a5 17. Bxg7 Kxg7 18. Rhg1 a4 19. Bxa4 Nxf3 20. Nxf3 Bxa4 21. Nd4 e6 22. Ne3 e5 23. Nef5+ Kg8 24. Qh6 Qf6 25. Rg5 exd4 26. Rxh5 Rxc2+ 27. Kb1 Rxb2+ 28. Kxb2 d3+ 29. Kb1 Bc2+ 30. Kc1 Qa1+ 31. Kd2 Qxd1+ 32. Ke3 Qc1+ 33. Kd4 Qxh6 34. Rxh6 gxf5 0-1

[Event "Titled Tuesday intern op 19th Sep Late"]
[Site "Chess.com INT"]
[Date "2023.09.19"]
[Round "3"]
[White "Tasev, Dejan"]
[Black "Clawitter, Craig"]
[Result "1-0"]
[WhiteElo "2205"]
[BlackElo "2050"]
[PlyCount "81"]
[EventDate "2023.09.19"]
[EventType "swiss (blitz)"]
[EventRounds "11"]
[EventCountry "USA"]
[SourceTitle "EXT 2024"]
[Source "ChessBase"]
[SourceDate "2023.10.10"]
[SourceVersion "1"]
[SourceVersionDate "2023.10.10"]
[SourceQuality "1"]

1. e4 e6 2. d4 d5 3. Nc3 Bb4 4. e5 c5 5. a3 Bxc3+ 6. bxc3 Ne7 7. Nf3 Nbc6 8. Bd3 c4 9. Bf1 Qa5 10. Bd2 Bd7 11. g3 f6 12. exf6 gxf6 13. Bg2 0-0-0 14. 0-0 Kb8 15. a4 h5 16. Re1 Nf5 17. Bh3 Nce7 18. Bf4+ Ka8 19. Qd2 h4 20. g4 Rdg8 21. Kh1 Ng7 22. g5 fxg5 23. Nxg5 Nh5 24. Be5 Rh6 25. Rg1 Rhg6 26. f4 Nc6 27. Bd6 Qd8 28. Nf3 Qf6 29. Rxg6 Rxg6 30. Ne5 Nxe5 31. Bxe5 Qf7 32. a5 Nf6 33. Rg1 Ne4 34. Qe1 a6 35. Qxh4 Rxg1+ 36. Kxg1 Qg6+ 37. Bg4 Nxc3 38. Qd8+ Ka7 39. Bb8+ Ka8 40. Bc7+ Ka7 41. Qb8# 1-0

[Event "Titled Tuesday intern op 19th Sep Early"]
[Site "Chess.com INT"]
[Date "2023.09.19"]
[Round "5"]
[White "Tasev, Dejan"]
[Black "Domingo Nunez, Ruben"]
[Result "0-1"]
[WhiteElo "2205"]
[BlackElo "2417"]
[PlyCount "120"]
[EventDate "2023.09.19"]
[EventType "swiss (blitz)"]
[EventRounds "11"]
[EventCountry "USA"]
[SourceTitle "EXT 2024"]
[Source "ChessBase"]
[SourceDate "2023.10.10"]
[SourceVersion "1"]
[SourceVersionDate "2023.10.10"]
[SourceQuality "1"]

1. e4 g6 2. d4 Bg7 3. Nc3 c6 4. Nf3 d5 5. h3 dxe4 6. Nxe4 Nf6 7. Nxf6+ exf6 8. Bc4 0-0 9. 0-0 a5 10. a4 Na6 11. c3 Nc7 12. Re1 Nd5 13. Nd2 Be6 14. Bf1 Re8 15. Ne4 b6 16. Bd2 Qc7 17. Qf3 f5 18. Ng5 Bd7 19. h4 Qd6 20. Rad1 Bf6 21. g3 b5 22. Rxe8+ Rxe8 23. Re1 Rxe1 24. Bxe1 h6 25. Nh3 bxa4 26. Bd2 Kg7 27. Nf4 Nxf4 28. Bxf4 Qe7 29. Be3 a3 30. bxa3 Qxa3 31. Qf4 g5 32. hxg5 hxg5 33. Qc7 Be6 34. Qxc6 Qb3 35. Bg2 a4 36. d5 a3 37. dxe6 a2 38. exf7 Qd1+ 39. Kh2 Qh5+ 40. Kg1 a1Q+ 41. Bf1 Qxf7 42. Bd4 Bxd4 43. cxd4 Qxd4 44. Qc1 Kh6 45. Qc6+ Qff6 46. Qh1+ Kg7 47. Qb7+ Qf7 48. Qf3 Qfa7 49. Qxf5 Qf6 50. Qc2 Qe5 51. Qd3 Qad4 52. Qf3 g4 53. Qb3 Kh6 54. Bg2 Qf6 55. Qc2 Qfd6 56. Bf1 Kg5 57. Qc1+ Kg6 58. Qc2+ Kg7 59. Qf5 Qxg3+ 60. Bg2 Qd1# 0-1

[Event "Titled Tuesday intern op 12th Sep Early"]
[Site "Chess.com INT"]
[Date "2023.09.12"]
[Round "6"]
[White "Tasev, Dejan"]
[Black "Matinian, Nikita"]
[Result "1-0"]
[WhiteElo "2205"]
[BlackElo "2421"]
[PlyCount "125"]
[EventDate "2023.09.12"]
[EventType "swiss (blitz)"]
[EventRounds "11"]
[EventCountry "USA"]
[SourceTitle "EXT 2024"]
[Source "ChessBase"]
[SourceDate "2023.10.10"]
[SourceVersion "1"]
[SourceVersionDate "2023.10.10"]
[SourceQuality "1"]

1. e4 c5 2. Nf3 d6 3. Nc3 Nf6 4. d4 cxd4 5. Nxd4 g6 6. Be3 Nc6 7. f3 h5 8. Qd2 Nxd4 9. Bxd4 Bh6 10. Be3 Bxe3 11. Qxe3 Be6 12. 0-0-0 Qa5 13. Kb1 Rc8 14. a3 h4 15. Be2 Rh5 16. Rd4 Rhc5 17. Rb4 Rxc3 18. bxc3 Qxa3 19. Rb2 Qxc3 20. Qxc3 Rxc3 21. Rxb7 a5 22. Kb2 Re3 23. Bb5+ Kf8 24. h3 Nh5 25. Ra1 Nf4 26. Bf1 d5 27. exd5 Bxd5 28. Rb8+ Kg7 29. Rxa5 Re1 30. Ra1 Re6 31. Rb4 g5 32. Rd1 Bc6 33. Bc4 Re5 34. Rd2 e6 35. Bb3 Kf6 36. Rb8 Bb5 37. Rf8 Kg7 38. Rb8 Bf1 39. Rdd8 Bxg2 40. Rg8+ Kf6 41. Rgf8 Bxf3 42. Rbc8 Nxh3 43. Rc7 Bh5 44. Rh8 Bg6 45. c4 Nf4 46. Kc3 h3 47. c5 Nh5 48. Ra7 Re3+ 49. Kb4 Re4+ 50. Kb5 Re3 51. Bc4 h2 52. Ra1 Rh3 53. c6 Bf5 54. c7 e5 55. Rh7 Nf4 56. Rxf7+ Kg6 57. Rxf5 Kxf5 58. c8Q+ Ke4 59. Qc6+ Ke3 60. Qc5+ Kf3 61. Ra3+ Kg4 62. Rxh3 Kxh3 63. Qe3+ 1-0

[Event "Titled Tuesday intern op 05th Sep Late"]
[Site "Chess.com INT"]
[Date "2023.09.05"]
[Round "4"]
[White "Song, Michael"]
[Black "Tasev, Dejan"]
[Result "0-1"]
[WhiteElo "2399"]
[BlackElo "2205"]
[PlyCount "56"]
[EventDate "2023.09.05"]
[EventType "swiss (blitz)"]
[EventRounds "11"]
[EventCountry "USA"]
[SourceTitle "EXT 2024"]
[Source "ChessBase"]
[SourceDate "2023.10.10"]
[SourceVersion "1"]
[SourceVersionDate "2023.10.10"]
[SourceQuality "1"]

1. d4 Nf6 2. Bg5 e6 3. Nd2 b6 4. e3 Bb7 5. Ngf3 h6 6. Bxf6 Qxf6 7. Bd3 d6 8. c3 g5 9. h3 a6 10. e4 Nd7 11. Qe2 Bg7 12. 0-0 h5 13. Nh2 g4 14. hxg4 hxg4 15. Qxg4 Qh6 16. Ndf3 Bf6 17. Qh3 Qxh3 18. gxh3 0-0-0 19. Ng4 Rdg8 20. Kg2 Be7 21. Rae1 Nf6 22. Nfh2 e5 23. d5 Nh5 24. Re3 Nf4+ 25. Kh1 Nxh3 26. Rg3 Nf4 27. Rfg1 f5 28. c4 fxg4 0-1

[Event "Titled Tuesday intern op 05th Sep Late"]
[Site "Chess.com INT"]
[Date "2023.09.05"]
[Round "6"]
[White "Tasev, Dejan"]
[Black "Eljanov, Pavel"]
[Result "0-1"]
[WhiteElo "2205"]
[BlackElo "2695"]
[PlyCount "110"]
[EventDate "2023.09.05"]
[EventType "swiss (blitz)"]
[EventRounds "11"]
[EventCountry "USA"]
[SourceTitle "EXT 2024"]
[Source "ChessBase"]
[SourceDate "2023.10.10"]
[SourceVersion "1"]
[SourceVersionDate "2023.10.10"]
[SourceQuality "1"]

1. e4 c6 2. d4 d5 3. Nc3 dxe4 4. Nxe4 Bf5 5. Ng3 Bg6 6. Nf3 e6 7. Bc4 Nd7 8. Bb3 Ngf6 9. c3 Bd6 10. Qe2 Qc7 11. 0-0 0-0-0 12. a4 Nd5 13. a5 a6 14. Ne4 Bf4 15. Bxf4 Nxf4 16. Qe3 Nd5 17. Qe2 Bh5 18. Ng3 Bg4 19. h3 Nf4 20. Qe3 Bxf3 21. Qxf3 g5 22. Ne2 Rhg8 23. Nxf4 gxf4 24. Kh1 Rg5 25. Rg1 Rdg8 26. Bc2 Nf6 27. b4 h5 28. Rad1 Qd6 29. Be4 Nxe4 30. Qxe4 Qd5 31. Qxd5 cxd5 32. Rd3 Kd7 33. Rf3 Rf5 34. Rd1 h4 35. Kh2 f6 36. Rfd3 Kd6 37. f3 Rc8 38. R1d2 Rg5 39. Rb2 Kc6 40. Re2 e5 41. dxe5 fxe5 42. Red2 Rd8 43. c4 d4 44. Re2 Kd6 45. b5 Rc8 46. bxa6 bxa6 47. Rb3 Rxc4 48. Rb6+ Rc6 49. Rb7 Rg6 50. Reb2 Kd5 51. Rd7+ Rgd6 52. Re7 d3 53. Kg1 Kd4 54. Rb4+ Rc4 55. Rb1 d2 0-1

[Event "Titled Tuesday intern op 05th Sep Late"]
[Site "Chess.com INT"]
[Date "2023.09.05"]
[Round "2"]
[White "Tasev, Dejan"]
[Black "Hernandez Gonzalez, William"]
[Result "1-0"]
[WhiteElo "2205"]
[BlackElo "2487"]
[PlyCount "88"]
[EventDate "2023.09.05"]
[EventType "swiss (blitz)"]
[EventRounds "11"]
[EventCountry "USA"]
[SourceTitle "EXT 2024"]
[Source "ChessBase"]
[SourceDate "2023.10.10"]
[SourceVersion "1"]
[SourceVersionDate "2023.10.10"]
[SourceQuality "1"]

1. e4 c5 2. Nf3 d6 3. Nc3 Nf6 4. d4 cxd4 5. Nxd4 g6 6. Be3 a6 7. f3 b5 8. a3 Bb7 9. Qd2 Nbd7 10. 0-0-0 h5 11. h4 Bg7 12. Be2 Rc8 13. Kb1 Nb6 14. Rhe1 Nfd7 15. Nb3 Ne5 16. Bd4 Nbc4 17. Bxc4 Nxc4 18. Qd3 e5 19. Bf2 Qc7 20. Nd5 Bxd5 21. Qxd5 Nxa3+ 22. bxa3 Qxc2+ 23. Ka1 Qc3+ 24. Kb1 Qc2+ 25. Ka1 Qxf2 26. Qxd6 Qa7 27. Rc1 Rd8 28. Qc6+ Qd7 29. Red1 Qxc6 30. Rxd8+ Kxd8 31. Rxc6 Ke7 32. Rxa6 Rc8 33. Kb2 Bf6 34. g3 g5 35. hxg5 Bxg5 36. Rb6 Rg8 37. Rxb5 Bf6 38. a4 Rxg3 39. a5 Rg8 40. Rb7+ Ke6 41. Rb6+ Ke7 42. Rb7+ Ke8 43. Rb8+ Bd8 44. a6 Rg5 1-0

[Event "Titled Tuesday intern op 23rd May Early"]
[Site "Chess.com INT"]
[Date "2023.05.23"]
[Round "5"]
[White "Remizov, Yaroslav"]
[Black "Tasev, Dejan"]
[Result "0-1"]
[WhiteElo "2421"]
[BlackElo "2205"]
[PlyCount "158"]
[EventDate "2023.05.23"]
[EventType "swiss (blitz)"]
[EventRounds "11"]
[EventCountry "USA"]
[SourceTitle "CBM 214 Extra"]
[Source "ChessBase"]
[SourceDate "2023.07.31"]
[SourceVersion "1"]
[SourceVersionDate "2023.07.31"]
[SourceQuality "1"]

1. e4 e5 2. Nf3 Nc6 3. Nc3 g6 4. g3 Bg7 5. Bg2 Nge7 6. 0-0 0-0 7. Re1 d6 8. d3 h6 9. Nd5 Nxd5 10. exd5 Ne7 11. d4 exd4 12. Nxd4 Nf5 13. Nb3 a5 14. a4 b6 15. c3 Ba6 16. Bf4 Qf6 17. Nd2 g5 18. Ne4 Qg6 19. Bd2 Rfe8 20. Qf3 g4 21. Qf4 Be5 22. Nf6+ Bxf6 23. Be4 Bg5 24. Qxf5 Qxf5 25. Bxf5 Bxd2 26. Red1 Bg5 27. Bxg4 Be2 28. Bxe2 Rxe2 29. Rab1 Bf6 30. Rd3 Kg7 31. Kg2 Rae8 32. Rf3 Rc2 33. b4 axb4 34. cxb4 Ree2 35. a5 bxa5 36. bxa5 Ra2 37. Rb7 Rec2 38. Ra7 Bd4 39. Ra8 Rxf2+ 40. Rxf2 Rxf2+ 41. Kh3 Ra2 42. a6 Bg1 43. Kg4 Bxh2 44. Kf3 Bg1 45. Ke4 Bb6 46. Kd3 Ra5 47. Kc4 Rc5+ 48. Kd4 Ra5+ 49. Kc4 h5 50. Kd3 Kg6 51. Ke4 Ra4+ 52. Kf3 f5 53. Rg8+ Kf6 54. a7 Rxa7 55. Re8 Ra3+ 56. Kg2 Rd3 57. Re6+ Kg5 58. Kh3 Rxd5 59. Re2 Rd3 60. Kg2 f4 61. gxf4+ Kxf4 62. Re8 h4 63. Kh1 c5 64. Rf8+ Ke4 65. Re8+ Kd5 66. Rh8 h3 67. Rh5+ Kc6 68. Rf5 Bc7 69. Rf6 c4 70. Kh2 c3 71. Rf1 d5+ 72. Kh1 d4 73. Rc1 Kd5 74. Kg1 Kc4 75. Ra1 c2 76. Ra4+ Kb5 77. Ra1 Rd1+ 78. Kf2 c1Q 79. Ra2 Rd2+ 0-1